000 01804nam a2200421 i 4500
001 000030418
003 DO-SdBNP
005 20250820152231.0
006 a||||gr|||| 00| 0
007 ta
008 110517e1995 dr adb 000 0 spa d
040 _aDO-SdBNP
_bspa
_cBNPHU
_erda
041 _hspa
082 4 _a613.7293
_bA881
_222
245 0 0 _aAtlas de salud de la República Dominicana 1995 /
_cprólogo, Gilka Meléndez de Chez ; coordinación general, Ramón Orlando Jiménez Pérez; fotografía, Julio González
250 _aPrimera edición: octubre 1995
264 1 _aSanto Domingo :
_bCONAPOFA / FNUAP,
_c1995
300 _axvi; 96 páginas :
_bilustraciones, gráficas mapas ;
_c28 cm.
336 _atexto
_btxt
_2rdacontent
337 _asin mediación
_bn
_2rdamedia
338 _avolumen
_bnc
_2rdacarrier
500 _aIncluye anexo metodológico.
500 _a"Hospital de San Nicolás de Bari", primer Hospital de Nuevo Mundo fundado el 29 de noviembre de 1503.
500 _aIncluye glosario.
500 _aIncluye siglas usadas.
504 _aBibliográfia: página A. M. 7.
590 _aInventariado 2024 / MF
650 4 _aSalud
_xEstadísticas
_vAtlas
_986102
651 4 _aRepública Dominicana
_xSalud
_954163
_vAtlas
_y1995
700 1 _aMeléndez de Chez, Gilka,
_eprólogo
_957046
700 1 _aJiménez Pérez, Ramón Orlando,
_ecoodinador
_955930
700 1 _aGonzález, Julio,
_efotografía
_922913
710 1 _aRepública Dominicana.
_b Secretaria de Estado de Salud Pública y Asistencia Social (2001)
_956549
710 2 _aConsejo Nacional de Población y Familia (República Dominicana)
_96985
710 2 _aFondo de Naciones Unidas para Actividades en Materia de Población
_952170
910 _aValidado. Control de Calidad/MAA
942 _2ddc
_cLBS1
999 _c29910
_d29910